000 00900cam a2200241 i 4500
003 SA-RiAUC
005 20250521054733.0
008 250520q19001999su g 00000 ara c
040 _aSA-RiAUC
_bara
_cSA-RiAUC
_erda
082 0 4 _a260
090 _a260
_bج ز ا
100 1 _aالجزائري، أبو بكر جابر،
_d1921-2018
_eمؤلف.
245 1 2 _aإلى التصوف يا عباد الله /
_cتأليف أبي بكر جابر الجزائري.
264 1 _aبريدة، السعودية :
_bدار البخاري،
_c[بين 1900 و1999]
300 _a192 صفحة ؛
_c24 سم.
336 _aنص
_btxt
_2rdacontent
_3كتاب
337 _aبدون وسيط
_bn
_2rdamedia
338 _aمجلد
_bnc
_2rdacarrier
440 0 _aمن رسائل الدعوة
_v1
650 7 _aالتصوف الإسلامي
_2aucsh
942 _2ddc
_cBOOK
_n0
949 _aSA-JeALM
_d250520
_uosman123
_n1
999 _c8177
_d8177